Music Quiz

Random Music or Song Quiz

The Beatles Opening Lyrics Quiz Stats

 Plays Quiz not verified by Sporcle

Challenge
Share
Tweet
Embed
Score 0/18 Timer 10:00
0 Plays Today
Lyrics Song % Correct
Ah, look at all the lonely people...Eleanor Rigby
97%
When I find myself in times of trouble, Mother Mary calls to me...Let It Be
96.5%
What would you do if I sang out of tune?With a Little Help From My Friends
95.5%
Flew in from Miami Beach B.O.A.C.; didn't get to bed last nightBack in the U.S.S.R.
92.9%
Oh yeah, I'll tell you something I think you'll understand...I Wanna Hold Your Hand
90.4%
Got a good reason, for taking the easy way out...Day Tripper
86.4%
There are places I remember, all my life, though some have changed...In My Life
84.8%
Well you should see [title]. She's so good-looking but she looks like a man...Polythene Pam
73.7%
Last night I said these words to my girlPlease Please Me
71.7%
Lyrics Song % Correct
Once there was a way to get back homeward...Golden Slumbers
70.2%
I'd rather see you dead, little girl, then to be with another man...Run For Your Life
69.2%
To lead a better life, I need my love to be hereHere, There and Everywhere
66.7%
Let me tell you how it will be...Taxman
64.1%
She's not a girl who misses much...Happiness is a Warm Gun
59.1%
This happened once before, when I came to your doorNo Reply
53.5%
You tell me that you've got everything you want...And Your Bird Can Sing
46.5%
I get high when I see you go by, my oh myIt's Only Love
33.3%
Imagine I'm in love with you?I'll Get You
21.7%

You're not logged in!

Compare scores with friends on all Sporcle quizzes.
OR
Log In

You Might Also Like...

Show Comments

Extras

Created Oct 10, 2012ReportNominate
Tags:Song Quiz

Top Quizzes Today


Score Distribution

Your Account Isn't Verified!

In order to create a playlist on Sporcle, you need to verify the email address you used during registration. Go to your Sporcle Settings to finish the process.

Report this User

Report this user for behavior that violates our Community Guidelines.

Details: